Capitales mondiales les plus proches de Riyad - Statistiques

Statistiques générales
  • Ce quiz a été pris 50 fois
  • Le résultat moyen est 16 sur 20
Statistiques - réponses
km capitale % Correct
980 Bagdad
100%
780 Abou Dabi
98%
1370 Jérusalem
98%
1637 Le Caire
93%
1303 Téhéran
93%
1324 Amman
91%
1406 Damas
91%
494 Doha
89%
535 Koweït
89%
1072 Sanaa
87%
1488 Beyrouth
84%
1198 Mascate
82%
1509 Djibouti
80%
1733 Erevan
69%
428 Manama
69%
1771 Bakou
64%
1729 Nicosie
64%
1320 Asmara
60%
1794 Khartoum
56%
1838 Achgabat
33%
Aucun quiz correspondant
Distribution des résultats
% des personnes avec chaque résultat
Percentile par nombre de réponses
Votre historique - résultats
Vous n’avez pas pris ce quiz